=LDR 00000nam 2200000 4500 =001 INLIS000000000044805 =005 20131008110724 =008 ***********************************Ind** =035 ##$$a0010-101300000002727 =041 ##$$a Ind =082 ##$$a 646.72 =090 ##$$a 646.72, Ded t =100 ##$$a Deddy, M =245 ##$$a Tata Rias Wajah dan Rambut Keluarga Pengantin Modifikasi, M.Deddy =260 ##$$a 2010 $b Jakarta =300 ##$$a 52 Hlm., 28 Cm =650 ##$$a Tata Rias =990 ##$$a 21400613/BPAP-NTB/20142014